| 000 | 00998nam a2200241 a 4500 | ||
|---|---|---|---|
| 001 | 71325 | ||
| 003 | BD-RjUL | ||
| 005 | 20211209082112.0 | ||
| 008 | 170502s1970 ii a|||| |||| 00| 0 ben d | ||
| 020 | _c: TK. 12.50 | ||
| 035 | _a(BD-RjUL)71541 | ||
| 040 |
_aBD-RjUL _bben _cBD-RjUL _dBD-RjUL |
||
| 041 | _aben | ||
| 082 |
_223 _a954.035 _bGAN 1970 |
||
| 245 |
_aগান্ধী পরিক্রমা / _cসম্পাদনা, শৈলেশকুমার বন্দ্যোপাধ্যায় |
||
| 250 | _a২য় সং. | ||
| 260 |
_aকলিকাতা : _bমিত্র ও ঘোষ, _c১৯৭০. |
||
| 300 |
_a৪৫৮ পৃ. : _bচিত্র. ; _c২২ সেমি. |
||
| 600 |
_aগান্ধী, মহাত্মা _c১৮৬৯-১৯৪৮ _zভারত _9211068 |
||
| 600 |
_aGandhi, Mahatma _c1869-1948 _zIndia _9211069 |
||
| 700 |
_aবন্দ্যোপাধ্যায়, শৈলেশকুমার _9210359 |
||
| 942 |
_2ddc _cBK |
||
| 999 |
_c71325 _d71325 |
||